LEADER 01023nam a2200241 i 4500 001 991003082729707536 005 20020503183215.0 008 991014s1989 it ||| | ita 035 $ab10455541-39ule_inst 035 $aEXGIL114805$9ExL 040 $aDip.to Filol. Ling. e Lett.$bita 100 1 $aMichelini Tocci, Luigi$0144460 245 10$aIn officina Erasmi :$bl'apparato autografo di Erasmo per l'edizione 1528 degli Adagia e un nuovo manoscritto del compendium vitae /$cLuigi Michelini Tocci 260 $aRoma :$bEdizioni di storia e letteratura,$c1989 300 $a116 p. ;$cill. ;$c22 cm. 490 0 $aNote e discussioni erudite. A cura di Augusto Campana ;$v20 650 4$aErasmo da Rotterdam 907 $a.b10455541$b21-02-17$c27-06-02 912 $a991003082729707536 945 $aLE008 FL. M. X L 71$g1$i2008000001742$lle008$o-$pE0.00$q-$rl$s- $t0$u0$v0$w0$x0$y.i10527795$z27-06-02 996 $aIn officina Erasmi$9221591 997 $aUNISALENTO 998 $ale008$b01-01-99$cm$da $e-$fita$git $h0$i1